Biblioteca

Penetración (Registro nro. 33912)

Detalles MARC
000 -LÍDER
Campo fijo de descripción fija 01323nam a22002897a 4500
001 - NÚMERO DE CONTROL
Campo de control 3226
003 - IDENTIFICADOR DEL NÚMERO DE CONTROL
Campo de control CO-MdFUSB
005 - FECHA Y HORA DE LA ULTIMA TRANSACCIÓN
control field 20180622073133.0
008 - ELEMENTOS DE LONGITUD FIJA -- INFORMACIÓN GENERAL
Campo fijo de descripción fija -- Información general 180511t1981 xxu||||| |||| 00| 0 spa d
020 ## - NÚMERO INTERNACIONAL NORMALIZADO PARA LIBROS
Número Internacional Normalizado del libro 0-570-03742-5
040 ## - FUENTE DE CATALOGACIÓN
Agencia de catalogación original CO-MdFUSB
Idioma de catalogación spa
Agencia que realiza la transcripción CO-MdFUSB
Agencia que realiza la modificación CO-MdFUSBC
Convenciones de la descripción rda
041 0# - CÓDIGO DE IDIOMA
Código de idioma para texto/pista de sonido o título separado spa
082 04 - NÚMERO DE CLASIFICACIÓN DECIMAL DEWEY
Número de clasificación G 230 K666p
100 1# - ASIENTO PRINCIPAL--NOMBRE PERSONAL
Nombre personal Klug, Eugene F. A. (1917-)
Término relacionador autor
245 10 - TÍTULO
Título del Material Penetración
Parte restante del título - Subtitulo : La fórmula de la Concordia. Historia y recopilación de la fórmula
Mención de responsabilidad, etc. / Eugene F. Klug ; Andrés A. Meléndez, Traductor
264 #4 - PRODUCCIÓN, PUBLICACIÓN, DISTRIBUCIÓN, MANUFACTURA, Y COPYRIGHT
Lugar de producción, publicación, distribución, manufactura St. Louis, Miss., USA :
Nombre del productor, publicador, distribuidor Concordia,
Fecha de producción, publicación, distribución, manufactura, o copyright ©1981
300 ## - DESCRIPCIÓN FÍSICA
Extensión 189 Pag
336 ## - TIPO DE CONTENIDO
Fuente rdacontent
Término de tipo de contenido texto
Código de tipo de contenido txt
337 ## - TIPO DE MEDIO
Fuente rdamedia
Nombre del tipo de medio sin mediación
Código del tipo de medio n
338 ## - TIPO DE SOPORTE
Fuente rdacarrier
Nombre del tipo de soporte volumen
Código Tipo de soporte nc
500 ## - NOTA GENERAL
Nota General Traducción del Epítome por Juan Berndt y Erico Sexauer
505 00 - NOTA DE CONTENIDO
Nota de contenido con formato preestablecido - El pecado original - El libre albedrío - La justicia ante Dios que proviene de la fe - Las buenas obras - La ley y el evangelio - El tercer uso de la ley - La Santa Cena en Cristo - El descenso de Cristo - Ceremonias eclesiásticas - La predestinación y la elección eterna - Otras facciones Herécticas sectas
650 #7 - ASIENTO SECUNDARIO DE MATERIA - TERMINO TEMÁTICO
Término temático o nombre geográfico como elemento de entrada Iglesias protestantes
9 (RLIN) 222
650 #0 - ASIENTO SECUNDARIO DE MATERIA - TERMINO TEMÁTICO
Término temático o nombre geográfico como elemento de entrada Teología dogmática
9 (RLIN) 1260
Subdivisión general Historia
Subdivisión cronológica Edad Media, 600-1500
653 ## - TÉRMINO DE INDIZACIÓN - NO CONTROLADO
Término no controlado Iglesia luterana - Formula concordia
942 ## - TIPO DE MATERIAL (KOHA)
Tipo de Item KOHA Libros General
Existencias
Estado de Material Estado de Perdido Estado de Dañado No para Préstamo Colección Tomo Biblioteca de Origen Biblioteca Permanente Fecha de Adquisición Total de Préstamos Signatura Topográfica Código de Barras Última vez visto Última vez Préstado Ejemplar/Existencia Fecha de Remplazo Tipo de Material
        Colección General   Biblioteca FUSBC Biblioteca FUSBC 01/12/2004 2 G 230 K666p 2737 12/12/2019 04/10/2018 1 26/01/2016 Libros General

Biblioteca FUSBC | Teléfono: (57+4) 349 88 10 Ext. 141| WhatsApp (+57) 3005338115 
E-mail: biblioteca@unisbc.edu.co | Calle 76 87-14 Robledo Palenque, Medellín, Colombia

Con tecnología Koha